[Event "ROM-ch U14"]
[Site "Calimanesti Caciulata"]
[Date "2019.04.22"]
[Round "9"]
[White "Gavris, Alexandru Catalin"]
[Black "Balaban, Nicolae Adrian"]
[Result "1-0"]
[WhiteElo "1511"]
[BlackElo "1191"]
[PlyCount "103"]
[EventDate "2019.04.15"]
[EventType "swiss"]
[EventRounds "9"]
[EventCountry "ROU"]
[SourceTitle "EXT 2020"]
[Source "ChessBase"]
[SourceDate "2019.10.17"]
[SourceVersion "1"]
[SourceVersionDate "2019.10.17"]
[SourceQuality "1"]

1. b4 Nf6 2. Bb2 e6 3. a3 d5 4. Nf3 Nbd7 5. e3 c5 6. c3 b6 7. d4 Qc7 8. Bd3 Be7 9. 0-0 0-0 10. h3 Bb7 11. Nbd2 e5 12. dxe5 Nxe5 13. Nxe5 Qxe5 14. Nf3 Qc7 15. Bc2 Rac8 16. b5 Ne4 17. Nd2 Bf6 18. Nxe4 dxe4 19. Qg4 Rfe8 20. Rab1 c4 21. Rfd1 Rcd8 22. a4 Bc8 23. Qe2 Bf5 24. Rxd8 Rxd8 25. Rd1 Rxd1+ 26. Qxd1 Qd8 27. Qxd8+ Bxd8 28. f3 Bg5 29. Kf2 Bh4+ 30. g3 Be7 31. Bxe4 Bxh3 32. g4 Bd6 33. Bd5 h5 34. gxh5 Be6 35. Bxe6 fxe6 36. f4 e5 37. fxe5 Bxe5 38. Kf3 Kh7 39. Ke4 Bd6 40. Kf5 Kh6 41. e4 Kxh5 42. e5 Bc5 43. Bc1 Be7 44. Ke6 Bc5 45. Kf7 g5 46. e6 g4 47. e7 Bxe7 48. Kxe7 g3 49. Kd6 Kg4 50. Be3 Kf3 51. Bd4 Ke4 52. Kc6 1-0

[Event "ROM-ch U14"]
[Site "Calimanesti Caciulata"]
[Date "2019.04.19"]
[Round "6"]
[White "Balaban, Nicolae Adrian"]
[Black "Capragiu, Matei Stefan"]
[Result "1/2-1/2"]
[WhiteElo "1191"]
[BlackElo "1526"]
[PlyCount "69"]
[EventDate "2019.04.15"]
[EventType "swiss"]
[EventRounds "9"]
[EventCountry "ROU"]
[SourceTitle "CBM 190 Extra"]
[Source "ChessBase"]
[SourceDate "2019.07.15"]
[SourceVersion "1"]
[SourceVersionDate "2019.07.15"]
[SourceQuality "1"]

1. e4 e6 2. d3 d5 3. Nd2 c5 4. Ngf3 Nc6 5. g3 Nf6 6. Bg2 Be7 7. 0-0 0-0 8. Re1 Qc7 9. h4 b5 10. Nf1 Bb7 11. e5 Nd7 12. Bf4 Nb6 13. N1h2 d4 14. h5 Nd5 15. Qd2 Nxf4 16. Qxf4 Nb4 17. Re2 f6 18. Qg4 f5 19. Qf4 Nd5 20. Qd2 Bc6 21. g4 fxg4 22. Nxg4 Nf4 23. Nf6+ Rxf6 24. exf6 Nxe2+ 25. Qxe2 Bxf6 26. Qxe6+ Kh8 27. h6 Re8 28. hxg7+ Bxg7 29. Qh3 Bf6 30. Re1 Rxe1+ 31. Nxe1 Bxg2 32. Nxg2 Qe7 33. Qf3 Kg8 34. Kf1 Kg7 35. Nf4 1/2-1/2